| 000 | 00477nam a22001697a 4500 | ||
|---|---|---|---|
| 003 | NUST - PNEC | ||
| 005 | 20170116181129.0 | ||
| 008 | 151006b xxu||||| |||| 00| 0 eng d | ||
| 020 | _a0070305005 | ||
| 040 | _cLIBRARY | ||
| 082 | _a629.895 HOU | ||
| 100 |
_913847 _aHoupis, Constantine H. |
||
| 245 |
_aDigital control systems--theory, hardware, software _cConstantine H. Houpis |
||
| 260 | _cc.1992 | ||
| 650 |
_913849 _aDigital control systems _xMIS |
||
| 942 |
_2ddc _cBK |
||
| 999 |
_c69865 _d69865 |
||